Handbook of Medical Surgical Nursing (Record no. 252361)

MARC details
000 -LEADER
fixed length control field 00392pam a2200157a 44500
008 - FIXED-LENGTH DATA ELEMENTS--GENERAL INFORMATION
fixed length control field 230405s2015 xxu||||| |||| 00| 0 eng d
020 ## - INTERNATIONAL STANDARD BOOK NUMBER
International Standard Book Number 9789351524076
082 ## - DEWEY DECIMAL CLASSIFICATION NUMBER
Classification number 610.73
Item number BAS
100 ## - MAIN ENTRY--PERSONAL NAME
Personal name Basavanthappa, B.T.
245 ## - TITLE STATEMENT
Title Handbook of Medical Surgical Nursing
250 ## - EDITION STATEMENT
Edition statement 3rd Ed.
260 ## - PUBLICATION, DISTRIBUTION, ETC.
Place of publication, distribution, etc. New Delhi
Name of publisher, distributor, etc. Jaypee Pub
Date of publication, distribution, etc. 2015
300 ## - PHYSICAL DESCRIPTION
Extent 522 p.
502 ## - DISSERTATION NOTE
Dissertation note text
906 ## - LOCAL DATA ELEMENT F, LDF (RLIN)
a 004339

No items available.